Kinh tế học phát triển. T1
Sách nghiên cứu về nền kinh tế đặc thù của các nước đang phát triển với cách phân tích và phương pháp luận về lý thuyết và mô hình phát triển kinh tế, về các yếu tố quyết định sự tăng trưởng và phát triển kinh tế, cũng như về chi...
Saved in:
| Main Author: | |
|---|---|
| Format: | Book |
| Language: | Undetermined |
| Published: |
Hà Nội
Tài Chính
1998
|
| Subjects: | |
| Tags: |
Add Tag
No Tags, Be the first to tag this record!
|
| Institutions: | Trung tâm Học liệu Trường Đại học Cần Thơ |
|---|
| LEADER | 01014nam a2200181Ia 4500 | ||
|---|---|---|---|
| 001 | CTU_22914 | ||
| 008 | 210402s9999 xx 000 0 und d | ||
| 082 | |a 330.9 | ||
| 082 | |b H502/T1 | ||
| 100 | |a Phan Thúc Huân | ||
| 245 | 0 | |a Kinh tế học phát triển. T1 | |
| 245 | 0 | |c Phan Thúc Huân | |
| 260 | |a Hà Nội | ||
| 260 | |b Tài Chính | ||
| 260 | |c 1998 | ||
| 520 | |a Sách nghiên cứu về nền kinh tế đặc thù của các nước đang phát triển với cách phân tích và phương pháp luận về lý thuyết và mô hình phát triển kinh tế, về các yếu tố quyết định sự tăng trưởng và phát triển kinh tế, cũng như về chiến lược phát triển kinh tế xã hội và vai trò của nhà nước đối với sự phát triển kinh tế | ||
| 650 | |a development economics | ||
| 980 | |a Trung tâm Học liệu Trường Đại học Cần Thơ | ||